00830nam a2200229 a 450000100100000000500170001000800410002704000250006808200150009310000390010824500830014726000320023030000200026249000430028250000630032550400400038865000170042865000300044565000410047565000410051683000430055700001705920200929165019.0100317s2002 dr 001 0 spa d aDO-SdBNPbspacBNPHU a411bA347a1 aAlcántara Crisóstomo, Emeterio10aAspectos ortográficos y de redacción /cEmeterio Alcántara Crisóstomo. aSanto Domingo :bVM,c2002. a99 p. ;c27 cm.1 aManual para mejorar la ortografíav2 aIncluye datos biográficos del autor en la contracubierta aIncluye bibliografía (p. ¨[100]) 4aOrtografía 4aOrtografíaxEnseñanza 4aEspañolxOrtografíaxEnseñanza 4aEspañolxEjercicios de redacción 0aManual para mejorar la ortografíav2